[Event "CYP-chB op"]
[Site "Nicosia"]
[Date "2015.01.24"]
[Round "6"]
[White "Georgiades, Michalis"]
[Black "Hadjikyriakou, Arsenios"]
[Result "0-1"]
[WhiteElo "1760"]
[BlackElo "1738"]
[PlyCount "96"]
[EventDate "2015.01.09"]
[EventType "swiss"]
[EventRounds "9"]
[EventCountry "CYP"]
[SourceTitle "EXT 2016"]
[Source "ChessBase"]
[SourceDate "2015.10.08"]
[SourceVersion "1"]
[SourceVersionDate "2015.10.08"]
[SourceQuality "1"]

1. e4 e5 2. f4 d5 3. exd5 exf4 4. Nc3 Qh4+ 5. Ke2 Bg4+ 6. Nf3 Nd7 7. d4 0-0-0 8. Bxf4 Bxf3+ 9. Kxf3 Qf6 10. Ne4 Qf5 11. c4 Ngf6 12. Bd3 Qg4+ 13. Ke3 Qxg2 14. Rg1 Qxb2 15. Rb1 Qa3 16. Rb3 Qe7 17. d6 cxd6 18. Bxd6 Qe6 19. d5 Qe8 20. Bxf8 Rxf8 21. Kf3 Ne5+ 22. Kg2 Nxd3 23. Nxf6 Nf4+ 24. Kh1 gxf6 25. Qg4+ Ne6 26. dxe6 Qc6+ 27. Rf3 Rg8 28. Qxg8 Qxf3+ 29. Qg2 Qxg2+ 30. Kxg2 fxe6 31. Kf3 Rd7 32. Ke4 Kc7 33. h4 Rf7 34. h5 Kd6 35. h6 f5+ 36. Kd3 e5 37. c5+ Kd5 38. Rg7 Ke6 39. a4 Rxg7 40. hxg7 Kf7 41. a5 a6 42. Kc4 f4 43. Kd5 f3 44. c6 bxc6+ 45. Kxc6 f2 46. Kb6 f1Q 47. Ka7 Qb5 48. Ka8 Kxg7 0-1

[Event "CYP-chB op"]
[Site "Nicosia"]
[Date "2015.01.17"]
[Round "4"]
[White "Hadjikyriakou, Arsenios"]
[Black "Blaivas, Lev"]
[Result "1-0"]
[WhiteElo "1738"]
[BlackElo "1803"]
[PlyCount "133"]
[EventDate "2015.01.09"]
[EventType "swiss"]
[EventRounds "9"]
[EventCountry "CYP"]
[SourceTitle "EXT 2016"]
[Source "ChessBase"]
[SourceDate "2015.10.08"]
[SourceVersion "1"]
[SourceVersionDate "2015.10.08"]
[SourceQuality "1"]

1. d4 d5 2. c4 c6 3. cxd5 cxd5 4. Bf4 e6 5. Nc3 Bd6 6. Bxd6 Qxd6 7. e3 a6 8. Qg4 g6 9. Bd3 Nc6 10. Qg5 Nb4 11. Bb1 b5 12. Nf3 Qe7 13. Qf4 Nf6 14. Qh6 Nc6 15. 0-0 Bb7 16. Bd3 Rc8 17. Rfc1 Ng4 18. Qf4 f5 19. h3 Nf6 20. Ne5 0-0 21. f3 Nh5 22. Nxc6 Rxc6 23. Qe5 Nf6 24. Ne2 Rfc8 25. Rxc6 Rxc6 26. Rc1 Nd7 27. Qg3 Rxc1+ 28. Nxc1 Qb4 29. Nb3 Qf8 30. Kf2 Qb8 31. Qg5 Kf7 32. h4 Nf6 33. Nc5 Qc7 34. Be2 Bc8 35. Nd3 Nd7 36. h5 Qd6 37. Qh6 Nf8 38. Ne5+ Kf6 39. hxg6 hxg6 40. Qh8+ Ke7 41. Qg7+ Ke8 42. Nxg6 Nxg6 43. Qxg6+ Kd8 44. Qf6+ Kc7 45. Qe5 Qxe5 46. dxe5 Bd7 47. b4 Be8 48. Ke1 Bg6 49. Kd2 Kc6 50. Kc3 Kb6 51. Kd4 Be8 52. g4 Bg6 53. Bd3 Kc6 54. gxf5 exf5 55. Bc2 Bh5 56. f4 Bg4 57. e6 Kd6 58. e7 Kxe7 59. Kxd5 Kf6 60. Kc5 Bf3 61. Kb6 Be4 62. Bxe4 fxe4 63. Kxa6 Kf5 64. Kxb5 Kg4 65. a4 Kf3 66. f5 Kxe3 67. f6 1-0

[Event "EU-ch U18 24th"]
[Site "Batumi"]
[Date "2014.10.23"]
[Round "5"]
[White "Hadjikyriakou, Arsenios"]
[Black "Faron, Rafal"]
[Result "0-1"]
[WhiteElo "1781"]
[BlackElo "2033"]
[PlyCount "44"]
[EventDate "2014.10.19"]
[EventType "swiss"]
[EventRounds "9"]
[EventCountry "GEO"]
[SourceTitle "EXT 2015"]
[Source "ChessBase"]
[SourceDate "2014.11.20"]
[SourceVersion "1"]
[SourceVersionDate "2014.11.20"]
[SourceQuality "1"]

1. Nf3 Nf6 2. c4 g6 3. Nc3 d5 4. cxd5 Nxd5 5. Qb3 Nb6 6. d4 Bg7 7. e4 Bg4 8. d5 Bxf3 9. gxf3 c6 10. Be3 cxd5 11. exd5 0-0 12. Rd1 N8d7 13. h4 Rc8 14. h5 Ne5 15. Be2 Nec4 16. Bf4 Nxb2 17. Rc1 Rxc3 18. Rxc3 Nxd5 19. Rc2 Nxf4 20. h6 Bf6 21. Rxb2 Bxb2 22. Qxb2 Qa5+ 0-1